Neuroanatomía: fundamentos

Saved in:
Bibliografiske detaljer
Hovedforfatter: Carpenter, Malcolm B (Author)
Format: Bog
Sprog:spansk
Udgivet: Buenos Aires Médica Panamericana 1994
Udgivelse:4a. ed
Fag:
Tags: Tilføj Tag
Ingen Tags, Vær først til at tagge denne postø!

MARC

LEADER 00000nam a2200000 a 4500
001 UCS8633
003 CL-VaPUC
008 971107e19940000AG |||||||||||||||||spa|d
082 0 4 |a 611.8  |b CAR  |2 21 
100 0 |a Carpenter, Malcolm B  |e author  |9 393413 
245 1 0 |a Neuroanatomía: fundamentos 
250 |a 4a. ed 
300 |a 448 p 
942 |c BK 
945 |d 19971107 00:00:00  |a jquezada 
260 |a Buenos Aires  |b Médica Panamericana  |c 1994 
650 0 |a Neuroanatomía  |9 269717 
650 7 |a ENFERMEDADES DEL SISTEMA NERVIOSO  |2 CL-VaPUC  |9 269801 
650 7 |a MENINGES  |2 CL-VaPUC  |9 393414 
650 0 |a Cerebro   |9 307262 
650 0 |a Cerebelo  |9 343853 
650 0 |a Médula espinal  |9 369352 
650 0 |a Sentidos  |9 266023 
650 0 |a Olfato  |9 334604 
650 0 |a Sistema nervioso  |9 266815 
583 |a last modification  |c 19971107 00:00:00  |k Rodrigo Vera 
999 |c 262930  |d 262928 
952 |0 0  |1 0  |4 0  |6 611_800000000000000_CAR_1994  |7 0  |8 A  |9 291974  |a BIBEDU  |b BIBEDU  |d 2019-11-19  |i 3361381  |l 2  |o 611.8 CAR 1994  |p 3361381  |r 2024-03-20  |s 2024-03-20  |w 2019-11-19  |y BK  |k EFI